000 00664nam a2200253Ia 4500
003 OSt
005 20220912150552.0
006 a|||||r|||| 00| 0
007 ta
008 220909b |||||||| |||| 00| 0 eng d
024 _a53978
037 _cTextual
040 _aCSL
_beng
_cCSL
041 _aeng
082 _aK92:9557, L8
100 _aGerking Shelby D Ed.
245 0 _aEcology of freshwater fish production
260 _aOxford
_bBlackwell Scientific Pubs
_c1978
300 _axiv, 520p.
_ccm.
650 _a Fish
650 _aZoology
942 _hK92:9557, L8
_cTEXL
_2CC
999 _c50261
_d50261